Curb Your Enthusiasm Super-Fan Quiz - Statistics

General Stats
  • This quiz has been taken 175 times
  • The average score is 10 of 20
Answer Stats
Hint Answer % Correct
What is the name of Larry's "spite store" Latte Larry's
83%
Who was the "anonymous" donor for the NRDC building? Ted Danson
78%
What actor studies Larry for a role and becomes just like him? Jon Hamm
71%
Why does Larry go into hiding for a few months? Fatwa
70%
Who does Larry get mad at for shaking up a soda? Michael J. Fox
60%
Why does Larry fire his divorce lawyer? He wasn't Jewish
55%
What play did Larry fall asleep watching, twice? Hamilton
54%
What gift did Larry give to Ted Danson for his birthday? Freak book
52%
Who "foisted" Larry's bad assistant upon him? Jimmy Kimmel
52%
Who owns the golf club that Larry belongs to? Mr. Takahashi
52%
What food was supposed to be Oscar's last meal, but Jeff and Larry ate? Pinkberry
52%
What did Larry confront the HBO executive about? Stealing shrimp
50%
Who got mad at Larry for not tipping him after doing Larry a favor? Mocha Joe
47%
Why did that assistant stay home from work for two days? Constipation
41%
What questionable guest does Larry invite to Seder? Sex offender
40%
What typo was on Larry's Mother's headstone? "Past" away
36%
How did Larry chip his tooth? Biting into fake fruit
34%
Who buys Larry and inflatable sex doll? Freddy Funkhouser
33%
What does Larry accidentally splash urine on? A picture of Jesus
29%
How did Marty Funkhouser's nephew die? Running of the bulls
14%
No matching quizzes found
Score Distribution
Percent of People with Each Score
Percentile by Number Answered
Your Score History
You have not taken this quiz